How to Support the Effect of Transformational Leadership on Performance in Agricultural Enterprises

Štúdia publikovaná v tomto článku obsahuje výsledky skúmania vzťahu medzi transformačným vedením a prirodzenou výkonnosťou v poľnohospodárstve. Výskum sa zameriava na vplyv transformačného vedenia na výkonnosť podniku prostredníctvom samostatnosti v práci a spokojnosti s prácou. Štúdia sa uskutočnil...

ver descrição completa

Na minha lista:
Detalhes bibliográficos
Autor principal: Jankelová, Nadežda, 1966-
Outros Autores: Joniaková, Zuzana, 1970-, Némethová, Ildikó, 1974-, Blštáková, Jana, 1980-
Formato: Capítulo de Livro
Idioma:inglês
Assuntos:
Tags: Adicionar Tag
Sem tags, seja o primeiro a adicionar uma tag!

MARC

LEADER 00000naa a2200000 4500
001 0269928
005 20260326085834.6
041 0 |a eng 
044 |a CH 
245 1 0 |a How to Support the Effect of Transformational Leadership on Performance in Agricultural Enterprises  |c Nadežda Jankelová, Zuzana Joniaková, Ildikó Némethová, Jana Blštáková 
520 |a Štúdia publikovaná v tomto článku obsahuje výsledky skúmania vzťahu medzi transformačným vedením a prirodzenou výkonnosťou v poľnohospodárstve. Výskum sa zameriava na vplyv transformačného vedenia na výkonnosť podniku prostredníctvom samostatnosti v práci a spokojnosti s prácou. Štúdia sa uskutočnila na výskumnej vzorke 757 respondentov zo 49 podnikov. 
610 2 0 |a podnik poľnohospodársky 
610 2 0 |a výkonnosť 
610 2 0 |a vodcovstvo 
610 2 0 |a manažment 
610 2 0 |a spokojnosť v práci 
100 1 |a Jankelová, Nadežda, 1966- 
700 1 |a Joniaková, Zuzana, 1970- 
700 1 |a Némethová, Ildikó, 1974- 
700 1 |a Blštáková, Jana, 1980-